The mariners' highway code (Record no. 2043)

000 -LEADER
fixed length control field 00380nam a2200169Ia 4500
008 - FIXED-LENGTH DATA ELEMENTS--GENERAL INFORMATION
fixed length control field 191121s9999||||xx |||||||||||||| ||und||
020 ## - INTERNATIONAL STANDARD BOOK NUMBER
International Standard Book Number 0540072877,
082 ## - DEWEY DECIMAL CLASSIFICATION NUMBER
Classification number Column-5
100 ## - MAIN ENTRY--PERSONAL NAME
Personal name Derrett, D R
245 #4 - TITLE STATEMENT
Title The mariners' highway code
250 ## - EDITION STATEMENT
Edition statement 4th ed.
260 ## - PUBLICATION, DISTRIBUTION, ETC. (IMPRINT)
Name of publisher, distributor, etc Stanford Maritime London
260 ## - PUBLICATION, DISTRIBUTION, ETC. (IMPRINT)
Date of publication, distribution, etc 1977
300 ## - PHYSICAL DESCRIPTION
Extent 190
942 ## - ADDED ENTRY ELEMENTS (KOHA)
Item type Books

No items available.

Copyright © 2021 Indian Maritime University, Mumbai Port Campus. All Rights Reserved. Managed & Maintained by Central Library, IMU-Mumbai

webs counters

Powered by Koha